Introduction to knot theory
Uloženo v:
| Hlavní autoři: | , |
|---|---|
| Médium: | Kniha |
| Jazyk: | angličtina |
| Vydáno: |
Nueva York
Springer-Verlag
1963
|
| Edice: | Graduate Texts in Mathematics, 57
|
| Témata: | |
| Tagy: |
Přidat tag
Žádné tagy, Buďte první, kdo vytvoří štítek k tomuto záznamu!
|
MARC
| LEADER | 00000nam a2200000 a 4500 | ||
|---|---|---|---|
| 001 | UCQ9418 | ||
| 003 | CL-VaPUC | ||
| 005 | 20241112141349.0 | ||
| 008 | 990112e19630000US |||||||||||||||||eng|d | ||
| 999 | |c 278429 |d 278427 | ||
| 040 | |c Pontificia Universidad Católica de Valparaíso | ||
| 082 | 0 | 4 | |a 514.224 |b CRO |2 21 |
| 100 | 0 | |a Crowell, Richard H |e author |9 423950 | |
| 245 | 1 | 0 | |a Introduction to knot theory |
| 260 | |a Nueva York |b Springer-Verlag |c 1963 | ||
| 300 | |a 182 p | ||
| 490 | 0 | |a Graduate Texts in Mathematics, 57 | |
| 583 | |a last modification |c 19990112 00:00:00 |k Rodrigo Vera | ||
| 650 | 0 | |a Teoría de nudos |9 423175 | |
| 650 | 0 | |a Topología algebraica |9 269858 | |
| 650 | 0 | |a Knots |9 893624 | |
| 700 | 0 | |a Fox, Ralph H |e author |9 423951 | |
| 942 | |c BK |2 ddc | ||
| 945 | |d 19990112 00:00:00 |a crobeson | ||
| 952 | |0 0 |1 0 |4 0 |6 514_224000000000000_CRO_1963 |7 0 |8 A |9 316959 |a BIBMAT |b BIBMAT |d 2019-11-20 |i 1314130 |o 514.224 CRO 1963 |p 1314130 |r 2025-01-07 |w 2019-11-20 |y BK |k MAT | ||